Jackie Chan Movies - Sudden Death - Statistics

General Stats
  • This quiz has been taken 246 times
    124 since last reset
  • The average score is 5 of 19
Answers on the Grid
Answers color-coded by a green-red scale on the quiz's grid according to % correct below.
Shanghai Noon
The Armour of God
Romeo Must Die
The Way of the Dragon
The Tuxedo
Unleashed
Miracles
Fist of Fury
Game of Death
Project A
Twin Dragons
Donnie Brasco
Memoirs of a Geisha
Supercop
Rush Hour
Enter the Dragon
The Killer
Operation Condor
The Grandmaster
Mr. Nice Guy
Crime Story
Fearless
Jackie Brown
Night at the Museum
Drunken Master
Hero
Happy Gilmore
Rumble in the Bronx
Little Big Soldier
Anger Management
Bleeding Steel
Wedding Crashers
Starsky & Hutch
Police Story
Bloodsport
Vanguard
Zoolander
The Foreigner
Shanghai Knights
 
Answer Stats
Answer % Correct
Rush Hour
60%
Shanghai Noon
53%
The Tuxedo
53%
Shanghai Knights
49%
Drunken Master
40%
Police Story
40%
Rumble in the Bronx
37%
The Armour of God
26%
Supercop
25%
The Foreigner
25%
Mr. Nice Guy
23%
Operation Condor
19%
Crime Story
16%
Project A
14%
Twin Dragons
14%
Bleeding Steel
8%
Little Big Soldier
8%
Vanguard
7%
Miracles
4%
No matching quizzes found
Score Distribution
Percent of People with Each Score
Percentile by Number Answered
Your Score History
You have not taken this quiz since the last reset